Filosofía político-moral (Record no. 159491)

MARC details
000 -LEADER
campo de control de longitud fija 00960nam a2200205 i 4500
001 - NÚMERO DE CONTROL
campo de control 159491
003 - IDENTIFICADOR DE NÚMERO DE CONTROL
campo de control ES-MaACL
005 - FECHA Y HORA DE LA ÚLTIMA TRANSACCIÓN
campo de control 20251005063124.0
008 - DATOS DE LONGITUD FIJA--INFORMACIÓN GENERAL
campo de control de longitud fija 990414s1854 sp |||| | spa d
040 ## - FUENTE DE CATALOGACIÓN
Centro catalogador/agencia de origen CCPB | B
Lengua de catalogación spa
Centro/agencia transcriptor CCPB | B
100 1# - ENTRADA PRINCIPAL--NOMBRE DE PERSONA
Nombre de persona Merino, Martín,
Fechas asociadas al nombre 1789-1852
9 (RLIN) 129852
245 10 - MENCIÓN DEL TÍTULO
Título Filosofía político-moral
Resto del título : la conciencia /
Mención de responsabilidad, etc. páginas escritas por el regicida Merino; y recogidas por su abogado defensor.
260 ## - PUBLICACIÓN, DISTRIBUCIÓN, ETC.
Lugar de publicación, distribución, etc. Madrid :
Nombre del editor, distribuidor, etc. [s.n.],
Fecha de publicación, distribución, etc. 1854 (
Fabricante Imprenta á cargo de Miguel Gonzalez)
300 ## - DESCRIPCIÓN FÍSICA
Extensión [2], 23 p. ;
Dimensiones 21 cm.
530 ## - NOTA DISPONIBLE DE FORMULARIO FÍSICO ADICIONAL
Nota de formato físico adicional disponible Disponible en formato digital.
651 #4 - PUNTO DE ACCESO ADICIONAL DE MATERIA--NOMBRE GEOGRÁFICO
Nombre geográfico España-
Subdivisión general Historia-
Subdivisión geográfica 1843-1868, Isabel II
9 (RLIN) 8256
852 ## - LOCALIZACIÓN
Ubicación ES-MaACL
Número de control de estantería Fol-Laf-396
Nota libre -- Rúst.
-- -- Legado de M. de la Fuente
Encuadernación -- Corregir en t245: "... por el regicida Merino; y publicadas por su abogado defensor"
856 ## - LOCALIZACIÓN Y ACCESO ELECTRÓNICOS
Identificador Uniforme de Recursos <a href="http://bdh-rd.bne.es/viewer.vm?id=0000060631&page=1 ">http://bdh-rd.bne.es/viewer.vm?id=0000060631&page=1 </a>
Nota pública Biblioteca Digital Hispánica
Holdings
Estatus retirado Estado de pérdida Estado de daño No para préstamo Colección Biblioteca de origen Biblioteca actual Ubicación en estantería Fecha de adquisición Fuente de adquisición Total de préstamos Signatura topográfica completa Código de barras Visto por última vez Precio de reemplazo Tipo de ítem Koha
        Colección de folletos Biblioteca del Ateneo de Madrid Biblioteca del Ateneo de Madrid Depósito folletos 17/01/2008     Fol-Laf-396 1166967 23/02/2023 23/02/2023 Folleto